|
|
|
|
| LEADER |
00000nab a2200000 a 4500 |
| 001 |
vtls000655633 |
| 003 |
SK-MaSNL |
| 005 |
20260304030519.0 |
| 008 |
140302c1998 xo 0 slo |
| 015 |
|
|
|a SNBRA1998/03-06612
|
| 035 |
|
|
|a CLN000007825
|
| 040 |
|
|
|a SNKBUCL
|b slo
|c SNKBUCL
|e AACR2
|
| 041 |
0 |
|
|a slo
|
| 044 |
|
|
|a xo
|c SK
|
| 080 |
|
|
|a 616.62-006.6:615.277:615.28
|2 1997
|
| 080 |
|
|
|a 615.277
|2 1997
|
| 080 |
|
|
|a 615.28
|2 1997
|
| 100 |
1 |
|
|a Beniak, Juraj
|4 aut
|9 815838
|
| 245 |
1 |
0 |
|a Chemoterapia v liečbe karcinómu močového mechúra
|b predpokladom dlhodobého prežívania je dosiahnutie dlhodobej remisie ochorenia kombináciou liekov
|c Juraj Beniak
|
| 300 |
|
|
|b Tab.
|
| 650 |
0 |
7 |
|a karcinómy
|2 SNKPH
|9 236564
|
| 650 |
0 |
7 |
|a chemoterapia
|2 SNKPH
|9 13903
|
| 650 |
0 |
7 |
|a močový mechúr
|2 SNKPH
|9 70115
|
| 655 |
|
7 |
|a články z novín a časopisov
|2 SNK
|9 267496
|
| 773 |
0 |
|
|t Zdravotnícke noviny
|g Roč. 3, č. 12 (1998)
|
| 773 |
0 |
|
|t [Príl.] Lekárske listy
|g Č. 12 (1998), s. 7, 15-16
|
| 850 |
|
|
|a Slovenská národná knižnica v Martine
|
| 852 |
|
|
|a SNK
|b KIS3GCP
|
| 992 |
|
|
|a RBX
|
| 999 |
|
|
|c 2634432
|d 2636362
|